Artilheiros do Campeonato Brasileiro Série A - Statistics

Estatísticas Gerais
  • Esse quiz foi jogado 12 341 vezes
    11 001 desde o último reset
  • A pontuação média é 10 de 22
Estatísticas das Respostas
Temporadas Jogador % Correto
2019, 2018 Gabriel Barbosa
95%
2021 Hulk
95%
2016, 2014, 2012 Fred
84%
2017
71%
2020 Luciano
71%
2020 Claudinho
62%
2009 Adriano
61%
2016 Diego Souza
54%
2005 Romário
52%
2015 Ricardo Oliveira
43%
2011 Borges
42%
2008, 2004 Washington
41%
2017 Henrique Dourado
35%
2010 Jonas
29%
2009 Diego Tardelli
27%
2016 William Pottker
27%
2008 Keirrison
20%
2013 Éderson
17%
2007 Josiel
15%
2003 Dimba
14%
2008 Kléber Pereira
14%
2006 Souza
11%
Nenhum quiz correspondente encontrado
Distribuição das Pontuações
Porcentagem de Pessoas com Cada Pontuação
Percentil de Números Respondidos
Sua Pontuação Histórica
Você não jogou esse quiz desde o último reset